Cikáni a etnicita

Salvato in:
Dettagli Bibliografici
Altri autori: Jakoubek, Marek
Natura: Libro
Lingua:ceco
Pubblicazione: Praha TRITON 2008
Soggetti:
Tags: Aggiungi Tag
Nessun Tag, puoi essere il primo ad aggiungerne!!

MARC

LEADER 00000nam a2200000 4500
001 0222332
005 20240313140335.8
020 |a 978-80-7387-105-5 
041 0 |a cze 
044 |a CZ 
245 1 0 |a Cikáni a etnicita  |c Marek Jakoubek (ed.) 
264 1 |a Praha  |b TRITON  |c 2008 
300 |a 403 s. 
610 2 0 |a etnikum 
610 2 0 |a kultúra 
610 2 0 |a štýl životný 
610 2 0 |a konflikty 
610 2 0 |a história 
610 2 0 |a problémy spoločenské 
610 2 0 |a Rómovia 
610 2 0 |a Cigáni 
700 1 |a Jakoubek, Marek